Normal view
MARC view
- Urdu Literature- Poems
Entry Topical Term
001 - CONTROL NUMBER
- control field: 1989
003 - CONTROL NUMBER IDENTIFIER
- control field: NUST
005 - DATE AND TIME OF LATEST TRANSACTION
- control field: 20170606094424.0
008 - FIXED-LENGTH DATA ELEMENTS
- fixed length control field: 170606|| aca||aabn | a|a d
040 ## - CATALOGING SOURCE
- Original cataloging agency: NUST
- Transcribing agency: NUST
150 ## - HEADING--TOPICAL TERM
- Topical term or geographic name entry element: Urdu Literature- Poems
670 ## - SOURCE DATA FOUND
- Source citation: Work cat.: (NUST)0: Zaidī, Muṣt̤afā, 1930-1970. 1988, Qabā-yi sāz., Lahore:
